000 00469nam a2200181Ia 4500
001 8205
005 20260306160552.0
008 260306t2012||||xx |||||||||||||| ||spa||
041 _aESP
082 _a370.15
_bG39
100 _aGheiler M., Marcos
_eAUT
245 0 _aLa educación desde el psicoanálisis:
_bla función analítica del educador
260 _c2012
300 _a189 páginas :
_c22 cm.
650 _aGEN
654 _aCED
942 _cLIB
_dJUS
_fJUS
_2ddc
_n
999 _c8205
_d8205